000 00600cam a22002173a 4500
001 38209
003 PGUSA
005 20140828083837.0
008 111204s2011||||xxu|||||s|||||000 | eng d
040 _aPGUSA
_beng
042 _adc
100 1 _aDuncker, Max
245 1 4 _aThe History of Antiquity :
_bVol. V.
_h[electronic resource] /
_cMax Duncker
260 _bProject Gutenberg,
_c2011
506 _aPublic domain in the USA.
516 _aElectronic text
700 1 _aAbbott, Evelyn
830 0 _aProject Gutenberg
_v38209
856 4 0 _uhttp://www.gutenberg.org/ebooks/38209
942 _cEB
999 _c267463
_d267463